| 000 | 00564nam a2200193Ia 4500 | ||
|---|---|---|---|
| 999 |
_c34432 _d34432 |
||
| 003 | OSt | ||
| 005 | 20200903101645.0 | ||
| 008 | 190216s9999||||xx |||||||||||||| ||und|| | ||
| 020 | _a9788122410242 | ||
| 040 | _coclc | ||
| 082 |
_a531 _bGUP/C |
||
| 100 |
_aGupta, Kiran C _94395 |
||
| 245 | 0 |
_aClassical Mechanics Of Particles And Rigid Bodies / _cKiran C Gupta |
|
| 250 | _a2nd Ed. | ||
| 260 |
_bNew Age International Publishers, _c2008. _aNew Delhi: |
||
| 300 | _a664p | ||
| 650 | _aPhysics | ||
| 942 |
_cBK _2ddc _h531 _iGUP/C _k531 _mGUP/C |
||